[Event "Formia op"]
[Site "Formia"]
[Date "1995.??.??"]
[Round "?"]
[White "Coppini, Giorgio"]
[Black "Andreoli, Mark"]
[Result "1/2-1/2"]
[WhiteElo "2255"]
[BlackElo "2085"]

1.e4 c5 2.Nf3 d6 3.Bb5+ Bd7 4.Bxd7+ Nxd7 5.O-O Ngf6 6.Qe2 e6 7.c3 Be7 8.d4 O-O
9.e5 dxe5 10.dxe5 Nd5 11.c4 Nb4 12.b3 Qc7 13.Bb2 Rfd8 14.Nc3 a6 15.Rfd1 Nf8
16.h4 Rxd1+ 17.Rxd1 Rd8 18.h5 Rxd1+ 19.Qxd1 Qd7 20.a3 Qxd1+ 21.Nxd1 Nd3 22.g3 Nxb2
23.Nxb2 Nd7 24.Kf1  1/2-1/2

[Event "Frydek-Mistek op"]
[Site "Frydek-Mistek"]
[Date "1995.??.??"]
[Round "?"]
[White "Novosak, Jiri"]
[Black "Veselovsky, Sergey"]
[Result "1/2-1/2"]
[WhiteElo "2160"]
[BlackElo "2450"]

1.e4 c5 2.Nf3 d6 3.Bb5+ Bd7 4.Bxd7+ Qxd7 5.c4 Nc6 6.Nc3 g6 7.d4 cxd4 8.Nxd4 Nf6
9.O-O Bg7 10.Nde2 O-O 11.f3 a6 12.a4 Qc7 13.Be3 e6 14.Rc1 Rfe8 15.b3 Rad8
16.Qd2 Qa5 17.Rfd1 d5 18.cxd5 exd5 19.exd5 Nxd5 20.Nxd5 Qxd2 21.Bxd2 Rxd5
22.Nf4 Rd4 23.Kf1 Red8 24.Ke2 Re8+ 25.Kf1 Red8 26.Ke2 Be5 27.g3 Re8 28.Kf2 Red8
29.Ke2 R4d7 30.Be3 Rxd1 31.Rxd1 Rxd1 32.Kxd1 Bxf4 33.gxf4 f6 34.Kd2 Kf7 35.Kd3 b5
36.axb5 axb5 37.Bd2 Ke6 38.Ke4 f5+ 39.Kd3 Kd6 40.Be1 Kd5 41.Bf2 Nd8 42.Bb6 Ne6
43.Be3 Nd8  1/2-1/2

[Event "Frydek-Mistek op"]
[Site "Frydek-Mistek"]
[Date "1995.??.??"]
[Round "?"]
[White "Ivanov"]
[Black "Dydyshko, Viacheslav"]
[Result "1/2-1/2"]
[WhiteElo "2465"]
[BlackElo "2495"]

1.e4 c5 2.Nf3 d6 3.Bb5+ Nd7 4.d4 Nf6 5.O-O cxd4 6.Qxd4 a6 7.Bxd7+ Nxd7 8.Nc3 e6
9.Bg5 f6 10.Be3 Be7 11.Qc4 Nc5 12.a4 Bd7 13.a5 Rc8 14.Qa2 e5 15.Nd5 Kf8 16.Bxc5 Rxc5
17.b4 Rc6 18.c4 Be6 19.Rfd1 Kf7 20.Qc2 Qc8 21.Rac1 Rd8 22.Rd3 Bf8 23.Nd2 Kg8
24.Nb6 Qc7 25.Nf1 Rxb6 26.axb6 Qxb6 27.Qd2 Qc6 28.c5 Rc8 29.Ng3 dxc5 30.bxc5 Bxc5
31.Rd8+ Rxd8 32.Qxd8+ Kf7 33.Kh1 Qd6 34.Qb8 Qd2 35.Rb1 b5 36.Nf5 Bxf5 37.exf5 Qc2
38.Rf1 Qxf5 39.Qa8 Qe6 40.Rc1 Be7 41.f3 b4 42.h3 f5 43.Rc6 Qa2  1/2-1/2

[Event "Troll Masters"]
[Site "Gausdal"]
[Date "1995.??.??"]
[Round "1"]
[White "Westerinen, Heikki MJ"]
[Black "Ward, Christopher"]
[Result "0-1"]
[WhiteElo "2405"]
[BlackElo "2485"]

1.e4 c5 2.Nf3 d6 3.Bb5+ Bd7 4.Bxd7+ Qxd7 5.O-O Nc6 6.d4 cxd4 7.Nxd4 Nf6 8.f3 d5
9.exd5 Qxd5 10.Nxc6 Qxc6 11.Nc3 e6 12.Qe2 Rc8 13.Bd2 Bc5+ 14.Kh1 O-O 15.Nd1 Rfd8
16.Bg5 Be7 17.Ne3 Qc5 18.Bxf6 Bxf6 19.c3 h5 20.Rfd1 Qe5 21.Qf2 Qf4 22.Rxd8+ Rxd8
23.Rd1 h4 24.Rxd8+ Bxd8 25.g3 Qa4 26.b3 Qc6 27.Nd1 Bb6 28.Qe2 h3 29.c4 Qc5
30.Qf1 Qd6 31.Nc3 Qd2 32.Ne4 Qxa2 33.c5 Bc7 34.b4 Qb3 35.b5 Be5 36.Ng5 Bd4
37.c6 bxc6 38.bxc6 Qc2 39.Nxh3 Qxc6 40.Ng5 f6 41.Qd1 Bb6 42.Ne4 a5 43.Kg2 a4
44.Qd3 f5 45.Ng5 Qd5 46.Qa6 Qd2+ 47.Kh3 Qxg5 48.Qxb6 Qh6+ 49.Kg2 a3 50.Qb3 Qd2+
51.Kh3 Qd6 52.Qa4 Kf7 53.Qa8 Qd3 54.Qa7+ Kf6 55.Qa8 Qf1+  0-1

[Event "Peer Gynt"]
[Site "Gausdal"]
[Date "1995.??.??"]
[Round "9"]
[White "Rausis, Igors"]
[Black "Sutovskij, Emil"]
[Result "1/2-1/2"]
[WhiteElo "2495"]
[BlackElo "2530"]

1.e4 c5 2.Nf3 d6 3.Bb5+ Bd7 4.Bxd7+ Qxd7 5.O-O Nc6 6.c3 Nf6 7.d4 Nxe4 8.d5 Ne5
9.Nxe5 dxe5 10.Re1 Nd6 11.Rxe5 g6  1/2-1/2

[Event "Geneve op"]
[Site "Geneve"]
[Date "1995.??.??"]
[Round "8"]
[White "Caruso, Daniele"]
[Black "Frank, Albert"]
[Result "1-0"]
[WhiteElo "2080"]
[BlackElo "2125"]

1.e4 c5 2.Nf3 d6 3.Bb5+ Bd7 4.Bxd7+ Qxd7 5.c4 Nc6 6.d4 Nf6 7.d5 Ne5 8.Nxe5 dxe5
9.Nc3 g6 10.O-O Bg7 11.Be3 O-O 12.Qe2 b6 13.f3 Ne8 14.a3 a5 15.b4 axb4 16.axb4 Rxa1
17.Rxa1 Nd6 18.bxc5 bxc5 19.Ra5 f5 20.Rxc5 Ra8 21.h3 Bf6 22.Rc6 Ra1+ 23.Kh2 Bh4
24.Qb2 Re1 25.Bf2 Bxf2 26.Qxf2 Ra1 27.Qb6 fxe4 28.fxe4 Re1 29.c5 Nxe4 30.Nxe4 Rxe4
31.Rxg6+ Kf7 32.Qe6+ Qxe6 33.Rxe6 Rc4 34.c6 e4 35.Kg3 Rc5 36.Rxe4 Rxd5 37.Rc4 Rd8
38.Kf4 Kf6 39.c7 Rc8 40.g4 Ke6 41.g5 Kd5 42.Rc1 e5+ 43.Kf5 Rf8+ 44.Kg4 Rc8
45.h4 Ke6 46.h5 Kd5 47.g6 hxg6 48.h6 Kd6 49.h7 Kd7 50.Kg5 e4 51.Kxg6 e3 52.Kg7  1-0

[Event "Genting zt"]
[Site "Genting"]
[Date "1995.??.??"]
[Round "5"]
[White "Antonio, Rogelio Jr"]
[Black "Nguyen Anh Dung"]
[Result "1-0"]
[WhiteElo "2495"]
[BlackElo "2340"]

1.e4 c5 2.Nf3 d6 3.Bb5+ Nd7 4.O-O Nf6 5.Re1 e6 6.d4 cxd4 7.Qxd4 Be7 8.Bg5 O-O
9.Nc3 Qc7 10.Rad1 Rd8 11.Bxd7 Bxd7 12.Bxf6 gxf6 13.Qe3 Kh8 14.Nd4 Qc5 15.Rd3 Rac8
16.Qd2 b5 17.a3 Rg8 18.g3 b4 19.axb4 Qxb4 20.Nb3 Rc7 21.Ra1 Rgc8 22.Ra5 Rg8
23.Rd4 Qb6 24.Qd3 Rg5 25.Ra6 Qb7 26.h4 Rg8 27.Raxd6 Bxd6 28.Rxd6 Be8 29.Qf3 Kg7
30.Qf4 Qb4 31.Nd4 Kf8 32.e5 Qc4 33.Qh6+  1-0

[Event "BL2-N9495"]
[Site "Germany"]
[Date "1995.??.??"]
[Round "?"]
[White "Maxion, Dirk"]
[Black "Behnk, Rolf"]
[Result "0-1"]
[WhiteElo "2265"]
[BlackElo "2320"]

1.e4 c5 2.Nf3 d6 3.Bb5+ Bd7 4.Bxd7+ Qxd7 5.c4 Qg4 6.O-O Qxe4 7.d4 cxd4 8.Re1 Qg4
9.Qb3 Qd7 10.Nxd4 Nc6 11.Nb5 a6 12.N5a3 e6 13.Nc3 Nge7 14.Bf4 e5 15.Be3 Nf5
16.Nd5 Rd8 17.Nb6 Qc7 18.Nd5 Qb8 19.Bb6 Rd7 20.Rad1 Be7 21.Qh3 Nfd4 22.f4 Ne6
23.f5 Nc5 24.Qg4 Bf6 25.Nxf6+ gxf6 26.Qg7 Rf8 27.Bxc5 dxc5 28.Rxd7 Kxd7 29.Qxf6 Qd6
30.Qg7 Qd4+ 31.Kh1 Ke7 32.f6+ Ke8 33.Nb1 Qf2 34.Rd1 Nd4 35.Qg4 Kd8 36.Qg7 Ke8
37.Qg4 Qxf6 38.Qc8+ Qd8 39.Qxb7 Rg8 40.Nc3 f5 41.Re1 Qd6 42.Qxh7 Kf8 43.Nd5 e4
44.Qh4 Kf7 45.Rf1 Qe5 46.Qh5+ Ke6 47.Nf4+ Kd6 48.Qh6+ Kd7 49.Nd5 Rb8 50.b3 a5
51.Qa6 Rh8 52.Qa7+ Ke8 53.h3 Ne2 54.Rd1 Ng3+ 55.Kg1 Ne2+ 56.Kf2 Nd4 57.Re1 Rxh3
58.Nf6+ Qxf6 59.Qb8+ Kf7 60.Qc7+ Kg6 61.gxh3 f4 62.Rg1+ Kh6 63.Rg4 Ne6 64.Qc6 e3+
65.Kg2 Qb2+ 66.Kf3 Qe5 67.Rg1 e2 68.Re1 Qe3+ 69.Kg4 f3  0-1

[Event "BL2-N9495"]
[Site "Germany"]
[Date "1995.??.??"]
[Round "?"]
[White "Penzold, Andreas"]
[Black "Schirm, Friedmar"]
[Result "1-0"]
[WhiteElo "2310"]
[BlackElo "2280"]

1.e4 c5 2.Nf3 d6 3.Bb5+ Bd7 4.Bxd7+ Qxd7 5.O-O Nc6 6.c3 Nf6 7.d4 Nxe4 8.d5 Nd8
9.Re1 Nf6 10.Bg5 e6 11.Bxf6 gxf6 12.Qd3 Be7 13.Nbd2 exd5 14.Qxd5 Ne6 15.Ne4 O-O-O
16.Rad1 Rhg8 17.Ng3 Bf8 18.Qh5 d5 19.Qxh7 Rg6 20.Qh4 Ng5 21.Qf4 Bh6 22.Nxg5 fxg5
23.Qf5 Re6 24.Re5 Rxe5 25.Qxe5 Qe6 26.Re1 Re8 27.Qf5  1-0

[Event "BL2-N9495"]
[Site "Germany"]
[Date "1995.??.??"]
[Round "?"]
[White "Sandien, Michael"]
[Black "Kapischka, Jens"]
[Result "0-1"]
[WhiteElo "2305"]
[BlackElo "2295"]

1.e4 c5 2.Nf3 d6 3.Bb5+ Nd7 4.O-O Nf6 5.Nc3 e5 6.d3 Be7 7.Bxd7+ Bxd7 8.Bg5 h6
9.Bxf6 Bxf6 10.Nd2 Bc6 11.Nc4 O-O 12.Ne3 Bg5 13.Ned5 b5 14.a3 a5 15.f4 exf4
16.Nxf4 Qf6 17.Qg4 b4 18.Nd1 c4 19.Ne2 Qe5 20.h4 Bd8 21.Kh1 b3 22.Ndc3 bxc2
23.d4 Qe7 24.g3 Rb8 25.Ra2 h5 26.Qf3 f5 27.d5 Bd7 28.Nd4 Bb6 29.Nxf5 Qe5
30.Qf4 Qxf4 31.gxf4 Bxf5 32.exf5 Be3 33.Ne2 Rxf5  0-1

[Event "BL2-N9495"]
[Site "Germany"]
[Date "1995.??.??"]
[Round "?"]
[White "Sandien, Michael"]
[Black "Maxion, Dirk"]
[Result "1/2-1/2"]
[WhiteElo "2305"]
[BlackElo "2265"]

1.e4 c5 2.Nf3 d6 3.Bb5+ Bd7 4.Bxd7+ Qxd7 5.O-O Nf6 6.e5 dxe5 7.Nxe5 Qc7 8.d4 cxd4
9.Bf4 Qb6 10.Nd2 Nc6 11.Ndc4 Qc5 12.Re1 e6 13.Nxc6 Qxc6 14.Ne5 Qb6 15.c3 Qb5
16.Qxd4 Bc5 17.Qc4 Qxc4 18.Nxc4 O-O 19.b4 Be7 20.Na5 Nd5 21.Bd2 Rfc8 22.Nxb7 Nxc3
23.a3 Nb5 24.Kf1 Rc2 25.Red1 Bf6 26.Rac1 Nxa3 27.Rxc2 Nxc2 28.Rc1 Nd4 29.Rc7 Nb5
30.Rd7 Kf8 31.Ke2 Ke8 32.Nc5 Rb8 33.Kd3 Rd8 34.Rxd8+ Bxd8 35.Bf4 Nc7 36.Kc4 Nd5
37.Bb8 Bb6 38.Kb5 Kd8 39.Be5 f6 40.Nxe6+ Ke7 41.Nf4 Nxf4 42.Bxf4 Bxf2 43.Ka6 Ke6
44.Bb8 Kd5 45.Bxa7 Bxa7 46.Kxa7 Kc4 47.Kb6 Kxb4 48.Kc6 Kc4 49.Kd6 f5 50.Ke5 g6
51.Kf6 Kd4 52.Kg7 Ke3 53.Kxh7 Kf2  1/2-1/2

[Event "BL2-O9495"]
[Site "Germany"]
[Date "1995.??.??"]
[Round "?"]
[White "Del Rio, Roland"]
[Black "Kestler, Hans Guenther"]
[Result "1/2-1/2"]
[WhiteElo "2230"]
[BlackElo "2350"]

1.e4 c5 2.Nf3 d6 3.Bb5+ Bd7 4.Bxd7+ Qxd7 5.c4 Nc6 6.d4 cxd4 7.Nxd4 g6 8.Nc3 Bg7
9.Be3 Nf6 10.h3 O-O 11.O-O Rac8 12.b3 a6 13.Rc1 b5 14.cxb5 Nxd4 15.Bxd4 axb5
16.Bxf6 Bxf6 17.Nd5 Qe6 18.Nxf6+ Qxf6 19.Qd5 b4 20.Qb7 Rb8 21.Qc6 Qe6 22.f3 Rfc8
23.Qd5 Qf6 24.Rc4 Rxc4 25.Qxc4 g5 26.Rc1 Kg7 27.Rd1 h6 28.Qd4 Ra8 29.Qxf6+ Kxf6
30.Rd2 Ke5 31.Kf2 Ra5 32.Ke3 d5 33.Rd4 dxe4 34.Rxe4+ Kf6 35.h4 Rxa2 36.hxg5+ Kxg5
37.g4 e6  1/2-1/2

[Event "BL2-S9495"]
[Site "Germany"]
[Date "1995.??.??"]
[Round "?"]
[White "Baum, Bernd"]
[Black "Stoll, Ferdinand"]
[Result "0-1"]
[WhiteElo "2265"]
[BlackElo "2230"]

1.Nf3 d6 2.e4 c5 3.Bb5+ Bd7 4.Bxd7+ Qxd7 5.O-O Nf6 6.Re1 e6 7.d4 cxd4 8.Nxd4 Be7
9.c4 Nc6 10.Nc3 O-O 11.b3 a6 12.a4 Rac8 13.Bb2 Rfd8 14.Rc1 b6 15.h3 Qb7 16.Rc2 Ne5
17.Rd2 Ng6 18.Qe2 Qc7 19.Qe3 h6 20.Qe2 Kh8 21.Kh1 Qc5 22.Red1 Kg8 23.Nc2 Ne8
24.g3 Nf6 25.Kh2 h5 26.Ba3 Qe5 27.f4 Qxc3 28.Rd3 Nxe4 29.Re1 Qf6 30.Qxe4 d5
31.Qe2 Bxa3 32.Nxa3 h4 33.Rf3 hxg3+ 34.Kxg3 Qh4+ 35.Kh2 Nxf4 36.Qe3 Ng6 37.Ref1 d4
38.Qd2 Rd7 39.Nc2 Rcd8 40.Nb4 a5 41.Nd3 e5 42.Rg3 e4 43.Rg4 Qe7 44.Re1 Qd6+
45.Nf4 e3  0-1

[Event "BL2-S9495"]
[Site "Germany"]
[Date "1995.??.??"]
[Round "?"]
[White "Braun, Michael"]
[Black "Kaiser, Wolfgang"]
[Result "1-0"]
[WhiteElo "2345"]
[BlackElo "2365"]

1.e4 c5 2.Nf3 d6 3.Bb5+ Bd7 4.Bxd7+ Qxd7 5.O-O Nc6 6.Re1 Nf6 7.Nc3 e6 8.d4 cxd4
9.Nxd4 Be7 10.Be3 O-O 11.Qe2 Nxd4 12.Bxd4 Qc6 13.Rad1 e5 14.Be3 Nxe4 15.Nd5 Bd8
16.Nb4 Qa4 17.Qc4 a5 18.Qxe4 Qxb4 19.Qxb4 axb4 20.Rxd6 Rxa2 21.Rb1 Ba5 22.Rd7 Rc8
23.Rxb7 h6 24.g3 Rxc2 25.Rd1 Rc6 26.Rdd7 Rxb2 27.Rxf7 Rg6 28.h4 h5 29.Rf5 b3
30.Rb8+ Kh7 31.Rxh5+ Rh6 32.Bxh6 gxh6 33.Rxe5 Bc3 34.Re3 Rb1+ 35.Kg2  1-0

[Event "BL2-S9495"]
[Site "Germany"]
[Date "1995.??.??"]
[Round "?"]
[White "Braun, Michael"]
[Black "Stoll, Ferdinand"]
[Result "1/2-1/2"]
[WhiteElo "2345"]
[BlackElo "2230"]

1.e4 c5 2.Nf3 d6 3.Bb5+ Bd7 4.Bxd7+ Qxd7 5.O-O Nc6 6.Re1 Nf6 7.b3 g6 8.Bb2 Bg7
9.d4 cxd4 10.Nxd4 O-O 11.c4 Nxd4 12.Bxd4 b5 13.cxb5 Qxb5 14.Nc3 Qb7 15.Rc1 Rac8
16.Qd3 Rfd8 17.f3 a6 18.Qe3 e6 19.Red1 Rc6 20.Na4 Rdc8 21.Rxc6 Rxc6 22.Bb2 Qc7
23.Rc1 d5 24.Rxc6 Qxc6 25.Qc5 Qxc5+ 26.Nxc5 Nxe4 27.fxe4 Bxb2 28.Nxa6  1/2-1/2

[Event "Bundesliga 9495"]
[Site "Germany"]
[Date "1995.??.??"]
[Round "?"]
[White "Heinemann, Thies"]
[Black "Dinstuhl, Volkmar"]
[Result "1-0"]
[WhiteElo "2395"]
[BlackElo "2375"]

1.e4 c5 2.Nf3 d6 3.Bb5+ Nc6 4.c3 Bd7 5.d4 Nf6 6.d5 Ne5 7.Bxd7+ Nexd7 8.Qe2 g6
9.O-O Bg7 10.h3 O-O 11.c4 b5 12.cxb5 a6 13.bxa6 Qb6 14.Nc3 Qxa6 15.Qxa6 Rxa6
16.Bd2 Rb8 17.Rab1 Ne8 18.Rfc1 Rb4 19.a3 Rb3 20.Be1 Ne5 21.Nd2 Rb8 22.Rc2 Nc7
23.Kf1 Nb5 24.Nxb5 Rxb5 25.Ke2 Ra4 26.f3 Nd7 27.Bf2 Bh6 28.Be3 Bg7 29.b4 cxb4
30.Rxb4 Raxb4 31.axb4 Bf8 32.Rc7 Nf6 33.Bd4 Rxb4 34.Bxf6 exf6 35.Nc4 f5 36.exf5 Rb5
37.fxg6 hxg6 38.Rc8 Rxd5 39.Nb6 Re5+ 40.Kd3 Kg7 41.Nd7 Rg5 42.Rxf8 Rxg2 43.Rc8 Rg3
44.Ke2 Rxh3 45.Rc6 Rh5 46.Rxd6 Rf5 47.Ke3 Rb5 48.Nf6 Rb3+ 49.Kf4 Rb4+ 50.Kg3 Rc4
51.Ng4 Rc5 52.Rd7 Ra5 53.Nf2 Rg5+ 54.Kf4 Rf5+ 55.Kg4 Ra5 56.Ne4 Ra4 57.Kg3 Kg8
58.Nd6 f5 59.Rc7 Rd4 60.Ne8 Kf8 61.Ng7 Ra4 62.Ne6+ Ke8 63.Rg7 Ra1 64.Nf4  1-0

[Event "Bundesliga 9495"]
[Site "Germany"]
[Date "1995.??.??"]
[Round "?"]
[White "Heinemann, Thies"]
[Black "Schuh, Hubert"]
[Result "1-0"]
[WhiteElo "2395"]
[BlackElo "2345"]

1.e4 c5 2.Nf3 d6 3.Bb5+ Nd7 4.d4 Nf6 5.Nc3 cxd4 6.Qxd4 e5 7.Qd3 h6 8.Nd2 Be7
9.Nc4 O-O 10.Bxd7 Bxd7 11.Ne3 Be6 12.O-O Rc8 13.b3 Qb6 14.Bb2 Rfd8 15.Rfd1 a6
16.a4 Qa5 17.f3 g6 18.Kh1 h5 19.Ncd5 Bxd5 20.exd5 Nd7 21.Nc4 Qc7 22.a5 Re8
23.Qd2 Bf8 24.Re1 Kh7 25.Re2 Bh6 26.Qb4 Nc5 27.Ba3 Bf8 28.Rae1 Rcd8 29.Bc1 f6
30.Be3 Qf7 31.Nb6 Nd7 32.c4 Nxb6 33.Bxb6 Rc8 34.Qd2 Bh6 35.Qd3 f5 36.b4 Bg5
37.c5 Be7 38.Rc2 Bf8 39.c6 bxc6 40.dxc6 d5 41.Rd1 d4 42.Qxa6 Bxb4 43.c7 Bc3
44.Qb5 Qg7 45.Qa4 Re7 46.a6 Rcxc7 47.Bxc7 Rxc7 48.Ra2 Ra7 49.Qc6 Qf7 50.Ra3 Bb2
51.Ra5 Qb3 52.Rg1 Kh6 53.Rb5 Qa4 54.Qc5 Ba3 55.Qxa7 Qxb5 56.Qb7 Qxb7 57.axb7 Bd6
58.Rc1 d3 59.Rc6  1-0

[Event "Bundesliga 9495"]
[Site "Germany"]
[Date "1995.??.??"]
[Round "?"]
[White "Horvath, Tamas"]
[Black "Mowsziszian, Karen"]
[Result "1-0"]
[WhiteElo "2435"]
[BlackElo "2525"]

1.e4 c5 2.Nf3 d6 3.Bb5+ Nd7 4.d4 cxd4 5.Qxd4 a6 6.Bxd7+ Bxd7 7.Nc3 e5 8.Qd3 h6
9.Nd2 Rc8 10.Nc4 Be6 11.Ne3 Nf6 12.O-O Be7 13.Ncd5 Nxd5 14.Nxd5 Bxd5 15.Qxd5 Rxc2
16.Qxb7 Qc8 17.Qxc8+ Rxc8 18.Bd2 Kd7 19.Bc3 Rc4 20.f3 Ke6 21.Kf2 g6 22.Ke2 f5
23.Kd3 Rhc8 24.Rae1 Bd8 25.Rf2 a5 26.Rc2 a4 27.exf5+ Kxf5 28.g4+ Ke6 29.Bxe5 Rxc2
30.Bc3+ Kd5 31.Kxc2 Bf6 32.Rd1+ Ke6 33.Kd3 Be5 34.Re1 Kd5 35.Bxe5 dxe5 36.Re4 Rf8
37.Ke3 Ra8 38.Rb4 a3 39.b3 Rc8 40.Rb5+ Kd6 41.Ra5 Rc3+ 42.Ke4 Rc2 43.Ra6+ Kc5
44.Rxa3 Re2+ 45.Kd3 Rxh2 46.Ra5+ Kb4 47.Rxe5 Rxa2 48.Re6 h5 49.Rxg6 hxg4
50.fxg4 Rb2 51.Kd4 Kb5 52.Kc3 Rg2 53.Rg5+ Kb6 54.Kc4 Rc2+ 55.Kb4 Rc6 56.Rb5+ Ka6
57.g5 Re6 58.Rf5  1-0

[Event "Bundesliga 9495"]
[Site "Germany"]
[Date "1995.??.??"]
[Round "?"]
[White "Kuczynski, Robert"]
[Black "Hracek, Zbynek"]
[Result "1/2-1/2"]
[WhiteElo "2510"]
[BlackElo "2595"]

1.e4 c5 2.Nf3 d6 3.Bb5+ Nc6 4.O-O Bd7 5.Re1 Nf6 6.c3 a6 7.Bf1 Bg4 8.d4 cxd4
9.cxd4 d5 10.e5 Nd7 11.Be3 e6 12.a3 Be7 13.Nbd2 O-O 14.Bd3 Bh5 15.Qb1 Bg6
16.Bxg6 hxg6 17.Qd3 b5 18.Rec1 Rc8 19.Rc2 Nb6 20.b3 Re8 21.Nb1 Qd7 22.Raa2 Rc7
23.Rc1 Rec8 24.Rac2 Qd8 25.Bd2 Qd7 26.Kf1 Nb8 27.Ba5 Rxc2 28.Rxc2 Rxc2 29.Qxc2 Nc8
30.Bd2 Nc6 31.Qd3 Qa7 32.g4 Bd8 33.Kg2 Bb6 34.Ng5 Bd8 35.Nf3 Bb6 36.Ng5  1/2-1/2

[Event "Bundesliga 9495"]
[Site "Germany"]
[Date "1995.??.??"]
[Round "?"]
[White "Meyer, Claus Dieter"]
[Black "Sehner, Norbert"]
[Result "1-0"]
[WhiteElo "2320"]
[BlackElo "2410"]

1.e4 c5 2.Nf3 d6 3.Bb5+ Nd7 4.O-O a6 5.Bxd7+ Bxd7 6.d4 Bg4 7.h3 Bxf3 8.Qxf3 cxd4
9.c3 e6 10.cxd4 Nf6 11.Nc3 Be7 12.e5 dxe5 13.dxe5 Nd7 14.Qxb7 Nxe5 15.Bf4 Ng6
16.Qc6+ Kf8 17.Bg3 h5 18.Rfd1 Qe8 19.Qb7 Kg8 20.Rd7 h4 21.Bh2 Rh5 22.Rad1 Rf5
23.Bd6 Bxd6 24.R7xd6 Kh7 25.R1d2 a5 26.R6d4 Rb8 27.Qe4 Qc8 28.Qe3 Rb4 29.Rd8 Qc6
30.R8d6 Qc4 31.R6d4 Re5 32.Rxc4 Rxe3 33.Rxh4+ Nxh4 34.fxe3 Ng6 35.b3 Rb7
36.Rd4 Ne5 37.Ra4 Rc7 38.Rxa5 Rxc3 39.Rxe5 Kg6 40.Re4 Rc1+ 41.Kh2 Re1 42.a4 Kf5
43.Rf4+ Kg6 44.Rb4  1-0

[Event "Bundesliga 9495"]
[Site "Germany"]
[Date "1995.??.??"]
[Round "?"]
[White "Moiseev, Viktor"]
[Black "Vogt, Lothar"]
[Result "1/2-1/2"]
[WhiteElo "2450"]
[BlackElo "2515"]

1.e4 c5 2.Nf3 d6 3.Bb5+ Bd7 4.Bxd7+ Qxd7 5.O-O e6 6.c4 Nf6 7.Nc3 Be7 8.d4 cxd4
9.Nxd4 O-O 10.b3 a6 11.Bb2 Nc6 12.a4 Rfd8 13.Re1 Rac8 14.Re3 Nxd4 15.Qxd4 d5
16.exd5 Bc5 17.Qe5 Bxe3 18.fxe3 Qc7 19.Qd4 Qc5 20.Qxc5 Rxc5 21.Ba3 Rc7 22.d6 Rc6
23.c5 b6 24.b4 bxc5 25.bxc5 Nd7 26.Ne4 Rb8 27.Kf2 h6 28.Rc1 Rb3 29.Rc3 Rxc3
30.Nxc3 f6 31.a5 Kf7 32.Na4 e5 33.e4 Ke6 34.Ke3 Rc8 35.Kd3 Nb8 36.Kc4 Nc6
37.Bb4 g6  1/2-1/2

[Event "Bundesliga 9495"]
[Site "Germany"]
[Date "1995.??.??"]
[Round "?"]
[White "Ostermeyer, Peter"]
[Black "Heinemann, Thies"]
[Result "1/2-1/2"]
[WhiteElo "2390"]
[BlackElo "2400"]

1.e4 c5 2.Nf3 d6 3.Bb5+ Bd7 4.Bxd7+ Qxd7 5.c4 Nc6 6.Nc3 g6 7.d4 cxd4 8.Nxd4 Bg7
9.Be3 Nf6 10.f3 O-O 11.O-O Rfc8 12.b3 Qd8 13.Qd2 Nd7 14.Rac1 Nxd4 15.Bxd4 Bxd4+
16.Qxd4 Qb6 17.Qxb6 Nxb6 18.Kf2 Kf8 19.Ke3 a5 20.a4 Nd7 21.Kd2 Nc5 22.Kc2 Na6
23.Rcd1 Nb4+ 24.Kb2 Rc5 25.f4 Ke8 26.g4 f6 27.h4 h6 28.Rf3 Rac8 29.Nd5 Nxd5
30.exd5 Kf7 31.Re1 Rh8 32.Re6 h5 33.Rfe3 Re8 34.gxh5 gxh5 35.f5 Rc7 36.Rg3 Rg8
37.Rxg8 Kxg8 38.Re2 Kf7 39.Kc3 b6 40.b4 Ra7 41.Rb2 axb4+ 42.Rxb4 Ra6 43.Kb3 Kf8
44.Rb5 Kf7 45.Kb4 Ke8 46.Ka3 Kf7 47.Rb1 Kf8 48.Kb4 Ra5 49.Ra1 Kf7 50.Rb1  1/2-1/2

[Event "BL2-W9495"]
[Site "Germany"]
[Date "1995.??.??"]
[Round "?"]
[White "Mueller, HG."]
[Black "Roos, Thomas"]
[Result "1/2-1/2"]
[WhiteElo "2280"]
[BlackElo "2255"]

1.e4 c5 2.Nf3 d6 3.Bb5+ Nd7 4.d4 cxd4 5.Qxd4 Nf6 6.Bg5 e6 7.Bxf6 gxf6 8.O-O a6
9.Be2 Be7 10.Nbd2 Qc7 11.Rfd1 Ne5 12.Nxe5 dxe5 13.Qe3 O-O 14.Nc4 Kh8 15.a4 Bd7
16.b3 Bc6 17.Bh5 b5 18.axb5 axb5 19.Nd2 Bb7 20.c4 Rxa1 21.Rxa1 Rg8 22.cxb5 f5
23.Nc4 Bxe4 24.Bf3 Bc5 25.Qe2 Bd4 26.Rf1 Bxf3 27.Qxf3 e4 28.Qe2 Rg6 29.b6 Qb8
30.Qd2 e5 31.Kh1 Bxb6 32.Qd7 Bd4 33.Qxf5 f6 34.Qxe4 Qxb3 35.Nd2 Qe6 36.Nf3 Qg4
37.Qxg4 Rxg4 38.g3 Rg8 39.Nxd4 exd4 40.Rd1 Rd8 41.Kg2 Kg7 42.Kf3 f5  1/2-1/2

[Event "Oberliga Ost C9495"]
[Site "Germany"]
[Date "1995.??.??"]
[Round "?"]
[White "Zunker, Reinhard"]
[Black "Brueggemann, Joachim"]
[Result "1/2-1/2"]
[WhiteElo "2220"]
[BlackElo "2305"]

1.e4 c5 2.Nf3 d6 3.Bb5+ Nd7 4.d4 a6 5.Bxd7+ Qxd7 6.dxc5 dxc5 7.Qxd7+ Bxd7
8.Ne5 Nf6 9.f3 e6 10.Nc3 Bd6 11.Bf4 Bc6 12.O-O-O Bc7 13.Bg3 Bxe5 14.Bxe5 Nd7
15.Bd6 O-O-O 16.Rd2 f6 17.Nd1 c4 18.Ne3 b5 19.Rhd1 Nb6 20.Bb4 Rxd2 21.Rxd2 Re8
22.b3 cxb3 23.axb3 Kb7 24.Kb2 h5 25.c3 g6 26.Nc2 f5 27.Nd4 Bd7 28.Bc5 fxe4
29.fxe4 e5 30.Nf3 Bc6 31.Bxb6 Kxb6 32.Rd6 Kc5 33.Rxg6 Bxe4 34.Rg5 Kd6 35.Rxh5 Rg8
36.Ng5 Bxg2 37.Nf7+ Ke6 38.Nxe5 Be4 39.h3 Rg2+ 40.Ka1 Rg1+ 41.Kb2 Rg2+ 42.Ka1 Rg1+  1/2-1/2

[Event "BL2-W9495"]
[Site "Germany"]
[Date "1995.??.??"]
[Round "?"]
[White "Martinovic, Slobodan"]
[Black "Dydyshko, Viacheslav"]
[Result "1/2-1/2"]
[WhiteElo "2455"]
[BlackElo "2510"]

1.e4 c5 2.Nf3 d6 3.Bb5+ Bd7 4.Bxd7+ Qxd7 5.O-O Nf6 6.e5 dxe5 7.Nxe5 Qc8 8.Qf3 e6
9.Nc3 Be7 10.d3 O-O 11.Bf4 Rd8 12.a4 Nbd7 13.Nc4 Nb6 14.Nxb6 axb6 15.b3 Nd5
16.Ne4 Nb4 17.Rac1 Nc6 18.Rfe1 Nd4 19.Qg3 Nf5 20.Qh3 Rd5 21.Nc3 Rd7 22.Ne4 Rd5
23.Nc3 Rd7 24.Ne4  1/2-1/2

[Event "BL9596 (Women)"]
[Site "Germany"]
[Date "1995.??.??"]
[Round "?"]
[White "Wolf, Sylvia"]
[Black "Ulms, Sandra"]
[Result "0-1"]
[WhiteElo "2055"]
[BlackElo "2070"]

1.e4 c5 2.Nf3 d6 3.Bb5+ Bd7 4.Bxd7+ Qxd7 5.O-O Nc6 6.c3 Nf6 7.Re1 e6 8.d4 cxd4
9.cxd4 d5 10.e5 Ne4 11.Nbd2 Nxd2 12.Bxd2 Be7 13.Rb1 a5 14.a3 O-O 15.b4 b5
16.Qe2 axb4 17.axb4 Qb7 18.Bc3 Ra3 19.Rec1 Rfa8 20.h3 Ra2 21.Rc2 Rxc2 22.Qxc2 Ra4
23.Qd2 Qa7 24.Ne1 h6 25.Rb2 Ra1 26.Kh2 Qa4 27.Qc2 Bxb4 28.Bxb4 Nxb4 29.Qc3 Na6
30.Nc2 Ra2 31.Rxa2 Qxa2 32.Nb4 Nxb4 33.Qxb4 Qc4 34.Qe7 Qxd4 35.Qe8+ Kh7 36.Qxf7 Qxe5+
37.g3 b4 38.Qf3 Qe4 39.Qb3 e5 40.f3 Qe2+ 41.Kg1 d4 42.Qf7 Qd1+ 43.Kf2 Qc2+
44.Ke1 b3  0-1

[Event "NRW-Liga I 9495"]
[Site "Germany"]
[Date "1995.??.??"]
[Round "?"]
[White "Stillger, Bernhard"]
[Black "Koch, Thomas"]
[Result "0-1"]
[WhiteElo "2340"]
[BlackElo "2315"]

1.e4 c5 2.Nf3 d6 3.Bb5+ Bd7 4.Bxd7+ Qxd7 5.c4 Nc6 6.Nc3 Nf6 7.d4 cxd4 8.Nxd4 e6
9.O-O Be7 10.Be3 O-O 11.Qe2 a6 12.Rac1 Rfc8 13.Rfd1 Ne5 14.b3 Qe8 15.f3 Bd8
16.Kh1 Qe7 17.Qd2 Bc7 18.Nde2 Nfd7 19.a4 Re8 20.Qa2 Rac8 21.Ng3 Red8 22.Nf1 Ba5
23.Ne2 Nc5 24.Qb1 Nc6 25.Bd2 Bc7 26.Ne3 Ne5 27.Be1 Qf6 28.Nd4 Bb6 29.Bf2 Ncd3
30.Rxd3 Nxd3 31.Qxd3 Qxd4 32.Qe2 Qc5 33.Rf1 Qc6 34.Bh4 Re8  0-1

[Event "NRW-Liga I 9495"]
[Site "Germany"]
[Date "1995.??.??"]
[Round "?"]
[White "Rechmann, Peter"]
[Black "Ziegler, Ari"]
[Result "0-1"]
[WhiteElo "2345"]
[BlackElo "2315"]

1.e4 c5 2.Nf3 d6 3.Bb5+ Nd7 4.d4 Nf6 5.Nc3 a6 6.Bxd7+ Nxd7 7.O-O e6 8.Bg5 Qc7
9.d5 e5 10.a4 h6 11.Be3 Nf6 12.h3 Be7 13.Nd2 O-O 14.Nc4 Bd7 15.f4 exf4 16.Bxf4 b5
17.axb5 axb5 18.Rxa8 Rxa8 19.e5 bxc4 20.exf6 Bxf6 21.Ne4 Be5 22.Qh5 Bxf4
23.Rxf4 Ra1+ 24.Kh2 Bc8 25.Qe2 Ra8 26.Qxc4 Rb8 27.Qc3 f5 28.Ng3 Qf7 29.Qd3 Rxb2
30.Nxf5 Bxf5 31.Rxf5 Qe7 32.Qc3 Rb4 33.Qg3 Rc4 34.Qb3 Qe4 35.Rf2 Qe5+ 36.g3 Rc3
37.Qb8+ Kh7 38.Rg2 Qxd5  0-1

[Event "NRW-Liga I 9495"]
[Site "Germany"]
[Date "1995.??.??"]
[Round "?"]
[White "Rechmann, Peter"]
[Black "Roeder, Mathias"]
[Result "1/2-1/2"]
[WhiteElo "2345"]
[BlackElo "2425"]

1.e4 c5 2.Nf3 d6 3.Bb5+ Bd7 4.Bxd7+ Qxd7 5.O-O Nc6 6.c3 Nf6 7.d4 Nxe4 8.d5 Ne5
9.Re1 Nxf3+ 10.Qxf3 Nf6 11.c4 e5 12.dxe6 fxe6 13.Bg5 Be7 14.Nc3 O-O-O 15.Qe2 h6
16.Bd2 e5 17.a3 Rhe8 18.b4 Bf8 19.Rad1 Qf5 20.Be3 e4 21.Qc2 Qe5 22.Nd5 g5
23.Nxf6 Qxf6 24.Qa4 Kb8 25.Rb1 Qe6 26.Qb3 Rd7 27.Red1 Rc8 28.Rd5 Rcc7 29.Rbd1 Rf7
30.b5 Rc8 31.R1d2 Be7 32.Qd1 Qg6 33.Qg4 Rc7 34.a4 h5 35.Qg3 Rf5 36.a5 Rxd5
37.Rxd5 Qf6 38.Rd1 g4 39.Bf4 Rd7 40.h3 gxh3 41.Qxh3 Rd8 42.Qe3 Rf8 43.Qxe4 Qxf4
44.Qxe7 Qxf2+ 45.Kh1 Qf6 46.Qxd6+ Qxd6 47.Rxd6 Rf4 48.Rd5 Rh4+ 49.Kg1 b6  1/2-1/2

[Event "BL2-W9495"]
[Site "Germany"]
[Date "1995.??.??"]
[Round "?"]
[White "Kveinys, Aloyzas"]
[Black "Kupreichik, Viktor D"]
[Result "0-1"]
[WhiteElo "2510"]
[BlackElo "2545"]

1.e4 c5 2.Nf3 d6 3.Bb5+ Nc6 4.O-O Bd7 5.Re1 a6 6.Bf1 g6 7.h3 Bg7 8.c3 e5
9.b4 Nge7 10.bxc5 dxc5 11.Na3 O-O 12.Nc4 Be6 13.a4 Qc7 14.Ng5 Bxc4 15.Bxc4 Na5
16.Ba2 c4 17.Ba3 Rfd8 18.Qe2 Bf6 19.h4 b5 20.Rab1 Rab8 21.axb5 axb5 22.Rb2 Nec6
23.Qf3 Kg7 24.Qe3 Qa7 25.Bb1 Bxg5 26.hxg5 Nb3 27.Ra2 Qd7 28.Rd1 Ra8 29.d3 Ra4
30.Qf3 Kg8 31.Bc2 b4 32.dxc4 Nd2 33.Rxd2 Qxd2 34.Bxa4 Qxa2 35.Bxc6 bxa3 36.Bd5 Qb1+
37.Kh2 Rf8 38.Qf6 a2 39.Qe7 a1=Q 40.Bxf7+ Rxf7 41.Qe8+ Kg7 42.Qxe5+ Kf8 43.Qd6+ Ke8
44.Qe6+ Re7 45.Qc6+ Kd8 46.Qd6+ Rd7  0-1